000 00318pam a2200133 a 4500
020 _c
041 _h
082 _a743.6
_bPIN
100 _aPolly pinder .
245 _aHow to Draw Cats insimple step
_hTextual Documents
260 _a[s.l]:
_bSearch Press U. K.,
_c2014.
300 _a50:
_bpaper.
930 _a7451
999 _c241241
_d241241